| 000 | 00764nam a2200229 a 4500 | ||
|---|---|---|---|
| 005 | 20230204063805.0 | ||
| 008 | 030327s2006 mx r 000 0 spa d | ||
| 020 | _a8478272607 (10 dígitos) | ||
| 020 | _a9788478272600 (13 dígitos) | ||
| 035 | _aUPN01000123353 | ||
| 049 | _aCG | ||
| 050 | 4 |
_aLB1573.7 _bC6.5 2006 |
|
| 245 | 0 | 0 |
_aComprensión lectora : _bel uso de la lengua como procedimiento / _cM. Teresa Bofarull ... [et al.]. |
| 250 | _a3a ed. | ||
| 260 |
_aBarcelona, Esp. : _bGraó : _bLaboratorio Educativo, _c2006. |
||
| 300 | _a174 p. | ||
| 440 | 0 |
_aClaves para la innovación educativa ; _v10 |
|
| 650 | 4 |
_aComprensión lectora _91537 |
|
| 650 | 4 |
_aLectura _xEstudio y enseñanza _96274 |
|
| 700 | 1 |
_aBofarull, M. Teresa, _ecoaut. |
|
| 905 | _aLibro | ||
| 999 |
_c95534 _d95534 |
||